La gringa. primer amor /
La inmigración europea durante fines del siglo XIX y principios del XX sin dudas marcó la idiosincracia y el modo de ser argentinos. Las palabras cotidianas, las comidas, los juegos de cartas y las costumbres que mejor nos definen y describen tienen su origen en nuestros antepasados "gringos&qu...
Guardado en:
| Autor Principal: | |
|---|---|
| Otros Autores: | |
| Formato: | Libro |
| Publicado: |
Buenos Aires :
La Estacion,
2011.
|
| Series: | Narrativa Ucraniana.
|
| Materias: | |
| Etiquetas: |
Agregar Etiqueta
Sin Etiquetas, Sea el primero en etiquetar este registro!
|
| LEADER | 01493nam a22002535a 4500 | ||
|---|---|---|---|
| 001 | CEM.cems018696 | ||
| 008 | 130507s2011##################000#0#####d | ||
| 005 | 20251013145944.0 | ||
| 245 | 1 | 0 | |a La gringa. primer amor / |c Florencio Sánchez; Antonio Dal Masetto. |
| 260 | |a Buenos Aires : |b La Estacion, |c 2011. | ||
| 300 | |a 109 p. ; 20cm. | ||
| 490 | 0 | |a Narrativa Ucraniana. | |
| 520 | |a La inmigración europea durante fines del siglo XIX y principios del XX sin dudas marcó la idiosincracia y el modo de ser argentinos. Las palabras cotidianas, las comidas, los juegos de cartas y las costumbres que mejor nos definen y describen tienen su origen en nuestros antepasados "gringos" que de mil maneras distintas aportaron a nuestro ser nacional. Los dos textos que presentamos tratan de ellos, en épocas distintas, con diferentes enfoques y miradas, con presencias protagónicas o secundarias. La literatura, una vez más, sirve de espejo en el cual mirarnos y reconocernos a la luz de la clarividencia de sus autores. | ||
| 500 | |a Cuadro de movimientos literarios p.108. | ||
| 020 | |a 9789871652419 | ||
| 100 | 1 | |a Sánchez, Florencio. | |
| 700 | 1 | |a Dal Masetto, Antonio. | |
| 082 | 0 | 4 | |a U863.4 |
| 600 | 1 | 4 | |a 1-Sanchez, Florencio2- Dal Masetto, Antonio |
| 653 | |a Literatura juvenil | ||
| 653 | |a Literatura uruguaya | ||
| 653 | |a Literatura argentina | ||
| 859 | |a CEMS |b BIB. CEMS - 11 de abril |h U863.4 |i Sa551 |p 30422.25 |t Ej.1 | ||
| 859 | |a CEMS |b BIB. CEMS - Agricultura |h U863.4 |i Sa551 |p A3144.18 |t Ej.1 | ||
